| 000 | 00972nam a2200253Ia 4500 | ||
|---|---|---|---|
| 003 | OSt | ||
| 005 | 20250220144320.0 | ||
| 008 | 008 250107s9999 xx 000 0 hin d | ||
| 020 | _a978-8196779368 | ||
| 037 | _aREF | ||
| 040 |
_aCRL _bhin _cCRL |
||
| 041 |
_amah _2hin |
||
| 084 | _ak1 Q4.1-.5 (RR) | ||
| 084 | _qCRL | ||
| 100 |
_aठाकूर, विश्वास जयदेव, ले. _9566946 |
||
| 245 | 0 |
_aरिश्तों की सर्विसिंग: कहानी - संग्रह _cठाकूर, विश्वास जयदेव, ले. |
|
| 260 |
_aगाजियाबाद, भारत _bअंतिका प्रकाशन _c3437 |
||
| 300 | _a136पृ0 | ||
| 365 |
_aINR _b1600 |
||
| 546 | _aTranslated from Marathi to Hindi | ||
| 650 |
_aमराठी कहानीमराठी साहित्य _9729877 |
||
| 942 |
_cREF _hk1 Q4.1-.5 (RR) _2CC _n0 |
||
| 999 |
_c1235825 _d1235825 |
||